|
|
|
|
| LEADER |
01319njm a2200337 a 4500 |
| 001 |
000930577 |
| 003 |
CZ BrMZK |
| 005 |
20090309111052.0 |
| 007 |
sd fsngnnmmned |
| 008 |
090217s2008 xr ppn g d cze d |
| 024 |
3 |
|
|a 886973402924
|
| 028 |
3 |
1 |
|a 88697340292
|b Sony BMG Music Entertainment
|
| 040 |
|
|
|a BOA001
|b cze
|
| 072 |
|
7 |
|a 784
|x Vokální hudba
|2 Konspekt
|9 9
|
| 080 |
|
|
|a 784.4
|2 MRF
|
| 080 |
|
|
|a (086.76)
|2 MRF
|
| 100 |
1 |
|
|a Ztracený, Marek,
|d 1985-
|7 xx0088360
|4 cmp
|4 lyr
|4 itr
|4 sng
|
| 245 |
1 |
0 |
|a --ztrácíš
|h [zvukový záznam]
|
| 260 |
|
|
|a [Praha] :
|b Sony BMG Music Entertainment,
|c p2008
|
| 300 |
|
|
|a 1 zvuková deska :
|b digital ;
|c 12 cm +
|e 1 brožura
|
| 500 |
|
|
|a Kompaktní deska
|
| 500 |
|
|
|a Texty písní v brožuře
|
| 505 |
0 |
0 |
|t Ztrácíš --
|t Pohádky --
|t Vzhůru --
|t Něco končí --
|t Umírám --
|t Nestačíš mi --
|t Protisměr --
|t Inspirace --
|t Anděl --
|t Svědomí --
|t Chtíč
|
| 511 |
0 |
|
|a Hudba a texty, zpěv a klavír Marek Ztracený
|
| 518 |
|
|
|a Nahráno ve studiu Reprogue Audio v Praze
|
| 650 |
0 |
7 |
|a populární písně
|7 ph124354
|y 2001-2010
|2 czenas
|
| 655 |
|
7 |
|a kompaktní desky
|7 fd201991
|2 czenas
|
| 910 |
|
|
|a BOA001
|b CD-0015.126
|
| 990 |
|
|
|a AV
|
| 991 |
|
|
|b 200903
|
| 996 |
6 |
|
|b 261H016788
|c CD-0015.126
|l MZK
|r Sklad / do 24 hodin
|n 0
|w 000930577
|u 000010
|a 1
|e BOA001
|j MZK50
|s P
|